000 00922cam a22002531 4500
999 _c20078
_d20078
001 9368542
003 BDDh-ASL
005 20231015025837.0
008 730119s1961 nyu 000 0 eng
010 _a 61006920
035 _a(OCoLC)543174
040 _aDLC
_cOAU
_dOCoLC
_dDLC
_dBDDh-ASL
042 _apremarc
050 0 0 _aBP181
_b.K3
082 _a297.38
_bAHS
100 1 _aKamal, Ahmad,
_d1914-
245 1 4 _aThe sacred journey /
_bbeing pilgrimage to Makkah; the traditions, dogma and Islamic ritual that govern the lives and the destiny of more than five hundred million who call themselves Muslim: one seventh of mankind.
260 _aNew York:
_bDuell, Sloan and Pearce,
_c[1961]
300 _axx, 108, 115, 9 p.
_c22 cm.
650 0 _aPilgrims and pilgrimages
_zSaudi Arabia
_zMecca.
740 0 _aal-Riḥlah al-muqaddasah.
906 _a7
_bcbc
_coclcrpl
_du
_encip
_f19
_gy-gencatlg
942 _2ddc
_cBK